Catálogo
 En Linea

Labor educadora de Salomé Ureña de Henríquez / (Registro nro. 33083)

Detalles MARC
000 -CABECERA
campo de control de longitud fija 01060nam a2200241 a 4500
001 - NÚMERO DE CONTROL
campo de control 000033592
003 - IDENTIFICADOR DEL NÚMERO DE CONTROL
campo de control DO-SdBNP
005 - FECHA Y HORA DE LA ÚLTIMA TRANSACCIÓN
campo de control 20220921142317.0
007 - CAMPO FIJO DE DESCRIPCIÓN FÍSICA--INFORMACIÓN GENERAL
campo de control de longitud fija ta
008 - DATOS DE LONGITUD FIJA--INFORMACIÓN GENERAL
campo de control de longitud fija 110901s1951 dr c 000 0 spa d
040 ## - FUENTE DE LA CATALOGACIÓN
Centro catalogador/agencia de origen DO-SdBNP
Lengua de catalogación spa
Centro/agencia transcriptor BNPHU
082 ## - NÚMERO DE LA CLASIFICACIÓN DECIMAL DEWEY
Número de clasificación xxxx
Número de documento/Ítem A282S
100 ## - ENTRADA PRINCIPAL--NOMBRE DE PERSONA
Nombre de persona Aguiar, Mercedes Laura
9 (RLIN) 59084
245 10 - MENCIÓN DE TÍTULO
Título Labor educadora de Salomé Ureña de Henríquez /
Mención de responsabilidad, etc. Mercedes Laura Aguiar ; presentación Urania Montás
260 ## - PUBLICACIÓN, DISTRIBUCIÓN, ETC.
Lugar de publicación, distribución, etc. Ciudad Trujillo, República Dominicana :
Nombre del editor, distribuidor, etc. Escuela Normal de Señoritas Salomé Ureña :,
Fecha de publicación, distribución, etc. 1951.
Fabricante Editora del Caribe
300 ## - DESCRIPCIÓN FÍSICA
Extensión 45 p. ;
Otras características físicas retrs.
Dimensiones 24 cm.
500 ## - NOTA GENERAL
Nota general Disertación leída por la profesora señorita Mercedes Laura Aguiar, en la semana de actos celebrados en la escuela normal de señoritas "Salomé Ureña", para conmemorar el centésimo aniversario del nacimiento de la ilustre poetisa educadora.
500 ## - NOTA GENERAL
Nota general Dedicado por la autora a Julio Ortega Frier.
590 ## - NOTA LOCAL (RLIN)
Nota local Inventariado, 2022/ YL
700 12 - PUNTO DE ACCESO ADICIONAL--NOMBRE DE PERSONA
Nombre de persona Montás, Urania
Término indicativo de función/relación pres.
9 (RLIN) 82412
910 ## - DATOS DE OPCIÓN DEL USUARIO (OCLC)
Datos de opción del usuario YLockward
942 ## - ELEMENTOS DE PUNTO DE ACCESO ADICIONAL (KOHA)
Fuente del sistema de clasificación o colocación Dewey Decimal Classification
Tipo de ítem Koha Folleto
Existencias
Estado de retiro Estado de pérdida Fuente del sistema de clasificación o colocación Restricciones de uso No para préstamo Código de colección Localización permanente Ubicación/localización actual Ubicación en estantería Fecha de adquisición Número de inventario Signatura topográfica completa Código de barras Fecha visto por última vez Precio válido a partir de Tipo de ítem Koha Nota pública
    Dewey Decimal Classification Excluido de préstamo   Dominicana Folletos Raros y Valiosos Biblioteca Nacional Pedro Henríquez Ureña Biblioteca Nacional Pedro Henríquez Ureña En encuadernación 01.09.2011 LF1 33592-10 25.06.2020 25.06.2020 Folleto Perteneció a la biblioteca personal de Julio Ortega Frier

Con tecnología Koha